|
|
|
|
| LEADER |
00000nab a22000001a 4500 |
| 001 |
vtls010032356 |
| 003 |
SK-MaSNL |
| 005 |
20260303201710.0 |
| 008 |
091215d1936 xo |r|p|||| |000 b|slo |
| 015 |
|
|
|a SNBRRBVU1918-1938
|
| 038 |
|
|
|a SNKBUCL
|
| 038 |
|
|
|a SNKBUVU
|
| 040 |
|
|
|a SNKBUVU
|b slo
|c SNKBUCL
|e AACR2
|
| 041 |
0 |
|
|a slo
|
| 044 |
|
|
|a xo
|c SK
|
| 080 |
|
|
|a 75.051:7.021.32
|2 1997
|
| 100 |
1 |
|
|a Šimerová-Martinčeková, Ester,
|d 1909-2005
|4 aut
|9 119354
|
| 245 |
1 |
0 |
|a Domy a stromy
|c Ester Fridriková
|
| 650 |
0 |
7 |
|a slovenské maliarstvo
|2 MM
|9 3124
|
| 650 |
0 |
7 |
|a maľby
|2 MM
|9 313520
|
| 655 |
|
7 |
|a reprodukcie výtvarných diel
|2 MM
|9 310790
|
| 773 |
0 |
|
|t Živena
|g Roč. 26, č. 3 (1936), s. 63
|
| 852 |
|
|
|a SNK
|b KIS3GCP
|
| 910 |
|
|
|a snkrbvumm
|
| 958 |
|
|
|a VY
|
| 999 |
|
|
|c 2175490
|d 2177420
|